Normal view MARC view
  • Digital watermarking

Entry Topical Term

Number of records used in: 1

001 - CONTROL NUMBER

  • control field: 100690

003 - CONTROL NUMBER IDENTIFIER

  • control field: NUST

005 - DATE AND TIME OF LATEST TRANSACTION

  • control field: 20221018161511.0

008 - FIXED-LENGTH DATA ELEMENTS

  • fixed length control field: 221018|| aca||aabn | a|a d

040 ## - CATALOGING SOURCE

  • Original cataloging agency: NUST
  • Transcribing agency: NUST

150 ## - HEADING--TOPICAL TERM

  • Topical term or geographic name entry element: Digital watermarking

670 ## - SOURCE DATA FOUND

  • Source citation: Work cat.: (NUST)175314: Katzenbeisser, Stefan 100689, Information hiding techniques for steganography and digital water marking /, 2000.
© 2023 Central Library, National University of Sciences and Technology. All Rights Reserved.